000
00274nam a2200121Ia 4500
008
190216s9999||||xx |||||||||||||| ||und||
100
_a
Paish F W
245
0
_a
Business Finance
260
_b
Sir Isac Pitman &sons
_c
1957
300
_a
148p
650
_a
Commerce
942
_c
BK
999
_c
4528
_d
4528